000 00625nam a2200253Ia 4500
005 20260306153630.0
008 008 260114s9999 xx 000 0 eng d
020 _a9781009261340
037 _aEBOOK
040 _aCRL
040 _beng
040 _cCRL
041 _2eng
041 _aeng
084 _qCRL
100 _aBack/Keith/Shukra/Solomos
_91125898
245 4 _aThe Unfinished Politics of Race 1st ed
260 _bCambridge University Press
260 _c2022
650 _aPolitical Science
856 _uhttps://doi.org/10.1017/9781009261340
942 _cEBOOK
999 _c1704243
_d1704243